[Event "6I Torneo Ciudad de Pontevedra 2018"]
[Site "Pontevedra ESP"]
[Date "2018.08.08"]
[Round "1.2"]
[White "Garcia Sobrino, David"]
[Black "Martinez Duany, Lelys Stanley"]
[Result "1/2-1/2"]
[WhiteElo "2211"]
[BlackElo "2544"]
[PlyCount "75"]
[EventDate "2018.08.08"]
[EventType "swiss"]
[EventRounds "9"]
[EventCountry "ESP"]
[SourceTitle "Ajedrez en Madrid"]
[Source "lmi"]
[SourceDate "2018.08.08"]

1. e4 c5 2. Nf3 Nc6 3. d4 cxd4 4. Nxd4 g6 5. c4 Bg7 6. Be3 Nf6 7. Nc3 O-O 8.
Be2 d6 9. O-O Bd7 10. h3 Nxd4 11. Bxd4 Bc6 12. Qc2 a5 13. Rad1 a4 14. c5 Qa5
15. cxd6 exd6 16. Bf3 a3 17. b3 Rfe8 18. Rfe1 Re6 19. Qd2 h5 20. h4 Rae8 21. g3
b5 22. Bxf6 Bxf6 23. Nd5 Qxd2 24. Rxd2 Bxd5 25. Rxd5 b4 26. Rc1 Bc3 27. Rcd1
Rd8 28. Bg2 Kg7 29. f4 Rb8 30. Rxd6 Rxd6 31. Rxd6 Be1 32. Kh2 Rc8 33. Rd1 Bf2
34. Rd2 Be3 35. Re2 Rc3 36. e5 Kf8 37. Be4 Bc1 38. Rc2 1/2-1/2

[Event "6I Torneo Ciudad de Pontevedra 2018"]
[Site "Pontevedra ESP"]
[Date "2018.08.08"]
[Round "1.3"]
[White "Ruck, Robert"]
[Black "Torrado Quintela, Julio"]
[Result "1/2-1/2"]
[WhiteElo "2502"]
[BlackElo "2195"]
[PlyCount "256"]
[EventDate "2018.08.08"]
[EventType "swiss"]
[EventRounds "9"]
[EventCountry "ESP"]
[SourceTitle "Ajedrez en Madrid"]
[Source "lmi"]
[SourceDate "2018.08.08"]

1. Nf3 d5 2. d4 Nf6 3. c4 e6 4. Nc3 c6 5. e3 Nbd7 6. Qc2 Be7 7. Bd3 O-O 8. O-O
dxc4 9. Bxc4 c5 10. Rd1 cxd4 11. Nxd4 a6 12. e4 Qc7 13. Bxe6 fxe6 14. Nxe6 Qe5
15. Nxf8 Nxf8 16. Nd5 Nxd5 17. Rxd5 Qe6 18. Bg5 Bxg5 19. Rxg5 Bd7 20. Rd5 Bc6
21. Rd4 Qf6 22. Rad1 h6 23. f3 Ng6 24. Rd6 Qg5 25. Qd2 Qh5 26. Rd8+ Rxd8 27.
Qxd8+ Kh7 28. Qd2 Qe5 29. Kh1 Nf4 30. Qe3 Ne6 31. Qd2 Nf4 32. Re1 Ne6 33. b3
Nf4 34. Rd1 h5 35. Qf2 Qf6 36. Qd2 Qe5 37. Qd6 Qg5 38. g3 Ng6 39. h4 Qe3 40.
Qd3 Qf2 41. f4 Nxf4 42. gxf4 Qxf4 43. Kg1 Qg4+ 44. Kf2 Bxe4 45. Qd4 Qf3+ 46.
Ke1 Bc2 47. Rc1 Bg6 48. Rc3 Qh1+ 49. Kd2 Qh2+ 50. Ke1 Qh1+ 51. Kd2 Qh2+ 52. Kc1
Qxa2 53. Rc7 Qa3+ 54. Kd2 Qa5+ 55. Qc3 Qxc3+ 56. Kxc3 Be4 57. Kd4 Bc6 58. b4
Kg6 59. Ke5 Bf3 60. Rd7 Bc6 61. Rd6+ Kf7 62. Kf5 Ke7 63. Rg6 Kf7 64. Kg5 Be4
65. Rd6 Ke7 66. Rd4 Bf3 67. Kg6 Ke6 68. Kxg7 Ke5 69. Rd3 Be4 70. Rd2 Kf5 71.
Kh6 Bf3 72. Rd6 Ke5 73. Rd7 b6 74. Kg5 a5 75. bxa5 bxa5 76. Ra7 Ke6 77. Kg6 Bd1
78. Rxa5 Bg4 79. Rc5 Ke7 80. Rc7+ Ke6 81. Rb7 Bd1 82. Rb1 Bg4 83. Re1+ Kd6 84.
Kf6 Kd7 85. Re3 Kd6 86. Rd3+ Kc6 87. Ke5 Kc7 88. Rd6 Bh3 89. Kd5 Bg4 90. Kc5
Bf3 91. Rf6 Bg4 92. Rf7+ Kd8 93. Kd6 Ke8 94. Rf6 Bh3 95. Rh6 Bg4 96. Rh7 Bd1
97. Ke6 Bg4+ 98. Kf6 Bf3 99. Re7+ Kd8 100. Ke6 Bg4+ 101. Kd6 Bd1 102. Ke6 Bg4+
103. Kf7 Bf3 104. Re3 Bg4 105. Rd3+ Kc7 106. Ke7 Kc6 107. Rd2 Kc5 108. Kf6 Kc6
109. Ke5 Kc7 110. Rd6 Bh3 111. Rd4 Bg4 112. Rd3 Be2 113. Rd5 Bf3 114. Ra5 Bg4
115. Kf6 Kd6 116. Ra2 Kd7 117. Rd2+ Ke8 118. Rd3 Bd7 119. Rd2 Bg4 120. Rd5 Bf3
121. Re5+ Kd7 122. Re7+ Kd6 123. Re3 Bg4 124. Rd3+ Kc6 125. Kg6 Kc5 126. Rd8
Kc6 127. Rh8 Kd6 128. Kf7 Kd7 1/2-1/2

[Event "6I Torneo Ciudad de Pontevedra 2018"]
[Site "Pontevedra ESP"]
[Date "2018.08.08"]
[Round "1.4"]
[White "Villar Perez, Samuel"]
[Black "Venkatesh, M.R."]
[Result "0-1"]
[WhiteElo "2170"]
[BlackElo "2499"]
[PlyCount "110"]
[EventDate "2018.08.08"]
[EventType "swiss"]
[EventRounds "9"]
[EventCountry "ESP"]
[SourceTitle "Ajedrez en Madrid"]
[Source "lmi"]
[SourceDate "2018.08.08"]

1. d4 g6 2. Nf3 Bg7 3. c4 Nf6 4. Nc3 O-O 5. e4 d6 6. Be2 Bg4 7. Be3 Nfd7 8. O-O
c5 9. d5 Na6 10. Qd2 Re8 11. h3 Bxf3 12. Bxf3 Nc7 13. Be2 a6 14. a4 Qb8 15. Ra3
e6 16. Bf4 Ne5 17. Bh6 exd5 18. Bxg7 Kxg7 19. exd5 Qd8 20. f4 Nd7 21. f5 Qe7
22. Rf3 Qe5 23. Kh1 f6 24. Bf1 Qe1 25. Qf4 Re5 26. fxg6 hxg6 27. Ne2 Rae8 28.
Ng3 R8e7 29. h4 Ne8 30. Rab3 b6 31. h5 g5 32. Qg4 Kh8 33. Kh2 Qd1 34. a5 bxa5
35. Rb7 Qd4 36. Qxd4 cxd4 37. Bd3 Nc5 38. Rb8 g4 39. Rxf6 Nxd3 40. Nf5 Rxf5 41.
Rxf5 Ne5 42. Rf8+ Kg7 43. Rbxe8 Rxe8 44. Rxe8 d3 45. h6+ Kxh6 46. Kg3 d2 47.
Rh8+ Kg7 48. Rh1 Nxc4 49. Rd1 Ne3 50. Rxd2 Nf1+ 51. Kxg4 Nxd2 52. Kf5 Kf7 53.
g4 Nc4 54. g5 Nxb2 55. g6+ Kg7 0-1

[Event "6I Torneo Ciudad de Pontevedra 2018"]
[Site "Pontevedra ESP"]
[Date "2018.08.08"]
[Round "1.5"]
[White "Petkov, Vladimir"]
[Black "Costa, Paulo"]
[Result "1-0"]
[WhiteElo "2494"]
[BlackElo "2170"]
[PlyCount "61"]
[EventDate "2018.08.08"]
[EventType "swiss"]
[EventRounds "9"]
[EventCountry "ESP"]
[SourceTitle "Ajedrez en Madrid"]
[Source "lmi"]
[SourceDate "2018.08.08"]

1. d4 Nf6 2. c4 e6 3. Nc3 Bb4 4. g3 c5 5. Nf3 O-O 6. Bg2 cxd4 7. Nxd4 Nc6 8.
O-O Qb6 9. Nb3 a6 10. c5 Qc7 11. Bf4 e5 12. Bg5 Bxc3 13. bxc3 Ne8 14. Qd2 d6
15. Rfd1 dxc5 16. Nxc5 h6 17. Be3 Nf6 18. h3 Na5 19. Qd3 Rb8 20. Rab1 b5 21.
Qd6 Qxd6 22. Rxd6 Nc4 23. Rc6 Nxe3 24. fxe3 a5 25. a4 b4 26. cxb4 axb4 27. g4
Rd8 28. a5 Bd7 29. Rb6 Rxb6 30. axb6 h5 31. Rxb4 1-0

[Event "6I Torneo Ciudad de Pontevedra 2018"]
[Site "Pontevedra ESP"]
[Date "2018.08.08"]
[Round "1.6"]
[White "Rebole Arbea, Jose Ignacio"]
[Black "Oratovsky, Michael"]
[Result "1/2-1/2"]
[WhiteElo "2143"]
[BlackElo "2489"]
[PlyCount "61"]
[EventDate "2018.08.08"]
[EventType "swiss"]
[EventRounds "9"]
[EventCountry "ESP"]
[SourceTitle "Ajedrez en Madrid"]
[Source "lmi"]
[SourceDate "2018.08.08"]

1. g3 e5 2. Bg2 Nf6 3. c4 c6 4. d4 e4 5. Nc3 Bb4 6. Qc2 d5 7. Bg5 Nbd7 8. cxd5
cxd5 9. e3 O-O 10. Nge2 h6 11. Bxf6 Nxf6 12. O-O Re8 13. Qb3 Ba5 14. Nf4 Bxc3
15. Qxc3 Bg4 16. Qd2 Qd7 17. Rfc1 g5 18. Ne2 Rac8 19. Rxc8 Rxc8 20. Rc1 Bxe2
21. Rxc8+ Qxc8 22. Qxe2 Qc1+ 23. Bf1 a6 24. b4 b5 25. a4 bxa4 26. Qxa6 a3 27.
Qxf6 a2 28. Qxh6 a1=Q 29. Qxg5+ Kf8 30. Qd8+ Kg7 31. Qg5+ 1/2-1/2

[Event "6I Torneo Ciudad de Pontevedra 2018"]
[Site "Pontevedra ESP"]
[Date "2018.08.08"]
[Round "1.7"]
[White "Pena Gomez, Manuel"]
[Black "Prado Lobo, Jonas"]
[Result "1-0"]
[WhiteElo "2483"]
[BlackElo "2143"]
[PlyCount "109"]
[EventDate "2018.08.08"]
[EventType "swiss"]
[EventRounds "9"]
[EventCountry "ESP"]
[SourceTitle "Ajedrez en Madrid"]
[Source "lmi"]
[SourceDate "2018.08.08"]

1. g3 g6 2. Bg2 Bg7 3. c4 c5 4. Nc3 Nc6 5. d3 d6 6. e4 e5 7. Nge2 Nge7 8. Be3
O-O 9. O-O Nd4 10. f4 Bg4 11. h3 Bxe2 12. Nxe2 Nxe2+ 13. Qxe2 exf4 14. gxf4 Nc6
15. f5 Qh4 16. Kh1 Nd4 17. Qd2 Be5 18. Bg5 Qh5 19. Rae1 f6 20. Be3 g5 21. b4 b6
22. Bxd4 cxd4 23. Rb1 Qh4 24. Qf2 Qxf2 25. Rxf2 Rfc8 26. Bf3 Kf7 27. Bd1 Ke7
28. Rb3 Rc7 29. Kg2 Rh8 30. Bh5 Rb8 31. b5 Ra8 32. Rfb2 Rb7 33. Ra3 Rc8 34. Ra6
Rcc7 35. a4 Kf8 36. Ra2 Kg7 37. a5 bxa5 38. Be8 Re7 39. Bc6 Rbc7 40. Bd5 h5 41.
R2xa5 Kh6 42. Rc6 h4 43. Raa6 g4 44. Rxd6 gxh3+ 45. Kxh3 Bxd6 46. Rxd6 Kg5 47.
Be6 Kf4 48. Rxd4 Rg7 49. e5+ Kxe5 50. Rxh4 Kd6 51. d4 Ke7 52. c5 Rb7 53. d5 Rg1
54. Rh7+ Kd8 55. Rh8+ 1-0

[Event "6I Torneo Ciudad de Pontevedra 2018"]
[Site "Pontevedra ESP"]
[Date "2018.08.08"]
[Round "1.8"]
[White "Vidal Fernandez, Pablo"]
[Black "Manolache, Marius"]
[Result "0-1"]
[WhiteElo "2143"]
[BlackElo "2481"]
[PlyCount "64"]
[EventDate "2018.08.08"]
[EventType "swiss"]
[EventRounds "9"]
[EventCountry "ESP"]
[SourceTitle "Ajedrez en Madrid"]
[Source "lmi"]
[SourceDate "2018.08.08"]

1. e4 d6 2. d4 Nf6 3. Nc3 g6 4. Be3 c6 5. f3 h5 6. Qd2 Bg7 7. O-O-O b5 8. Kb1
b4 9. Nce2 a5 10. Nc1 Na6 11. Bd3 Qb6 12. Nge2 Nc7 13. h3 h4 14. Qe1 Bd7 15.
Bf2 a4 16. Bxh4 Nb5 17. Bf2 Na3+ 18. bxa3 bxa3+ 19. Nb3 O-O 20. h4 Rfb8 21. g4
axb3 22. cxb3 c5 23. dxc5 dxc5 24. Nf4 Nxe4 25. Qxe4 Qf6 26. Bd4 Qxd4 27. Qxd4
Bxd4 28. Ne2 Bf6 29. Bc4 Bc6 30. Rd3 Ra4 31. Bd5 Bxd5 32. Rxd5 c4 0-1

[Event "6I Torneo Ciudad de Pontevedra 2018"]
[Site "Pontevedra ESP"]
[Date "2018.08.08"]
[Round "1.9"]
[White "Cori Quispe, Kevin Joel"]
[Black "Casares Cabanas, Carlos"]
[Result "1-0"]
[WhiteElo "2480"]
[BlackElo "2113"]
[PlyCount "85"]
[EventDate "2018.08.08"]
[EventType "swiss"]
[EventRounds "9"]
[EventCountry "ESP"]
[SourceTitle "Ajedrez en Madrid"]
[Source "lmi"]
[SourceDate "2018.08.08"]

1. e4 c5 2. Nf3 d6 3. d4 cxd4 4. Nxd4 Nf6 5. Nc3 a6 6. Bg5 e6 7. Qe2 Qa5 8. f4
Nc6 9. O-O-O Nxd4 10. Rxd4 Be7 11. Kb1 Bd7 12. Qd2 Bc6 13. f5 h6 14. Bh4 e5 15.
Bxf6 Bxf6 16. Rxd6 Bg5 17. Qd1 O-O 18. Bc4 Qc5 19. Bb3 Qf2 20. g3 Rad8 21. h4
Rxd6 22. Qxd6 Be3 23. Bd5 Qxg3 24. Bxc6 bxc6 25. Qxc6 Bg1 26. a4 Qg2 27. Rxg1
Qxg1+ 28. Ka2 Qh2 29. Qxa6 Qxh4 30. Qd3 g5 31. a5 g4 32. Ne2 Qh3 33. Ng3 h5 34.
f6 Qh4 35. b4 Qxf6 36. Nxh5 Qe6+ 37. Kb2 Rc8 38. Ng3 Rc6 39. c3 Qh6 40. Nf5 Qf4
41. a6 Kh7 42. b5 Rg6 43. Qd5 1-0

[Event "6I Torneo Ciudad de Pontevedra 2018"]
[Site "Pontevedra ESP"]
[Date "2018.08.08"]
[Round "1.11"]
[White "Starostits, Ilmars"]
[Black "Puga Sanchez, Miguel"]
[Result "1-0"]
[WhiteElo "2454"]
[BlackElo "2109"]
[PlyCount "77"]
[EventDate "2018.08.08"]
[EventType "swiss"]
[EventRounds "9"]
[EventCountry "ESP"]
[SourceTitle "Ajedrez en Madrid"]
[Source "lmi"]
[SourceDate "2018.08.08"]

1. d4 Nf6 2. Nf3 g6 3. Nc3 d5 4. Bf4 c6 5. Qd2 Bg7 6. Bh6 O-O 7. h4 b5 8. h5 b4
9. Na4 Bf5 10. Bxg7 Kxg7 11. hxg6 fxg6 12. Qh6+ Kg8 13. Ng5 Rf7 14. Nxf7 Kxf7
15. Nc5 Nbd7 16. e4 dxe4 17. Bc4+ e6 18. O-O-O Nb6 19. Ba6 Rb8 20. Be2 Nbd5 21.
g4 Nc3 22. bxc3 bxc3 23. Nb3 Rxb3 24. axb3 Qa5 25. Kb1 e3 26. Qxe3 Nd5 27.
Rxh7+ Kg8 28. Rh8+ Kf7 29. Rf8+ Kxf8 30. Qh6+ Ke8 31. gxf5 Nb4 32. Qxg6+ Kd8
33. Qg8+ Ke7 34. Qg5+ Kf8 35. Qf6+ Ke8 36. Bh5+ Kd7 37. Qxe6+ Kd8 38. Qe8+ Kc7
39. Qe5+ 1-0

[Event "6I Torneo Ciudad de Pontevedra 2018"]
[Site "Pontevedra ESP"]
[Date "2018.08.08"]
[Round "1.12"]
[White "Fernandez Lopez, Ruben"]
[Black "Nayhebaver, Martin"]
[Result "0-1"]
[WhiteElo "2106"]
[BlackElo "2453"]
[PlyCount "68"]
[EventDate "2018.08.08"]
[EventType "swiss"]
[EventRounds "9"]
[EventCountry "ESP"]
[SourceTitle "Ajedrez en Madrid"]
[Source "lmi"]
[SourceDate "2018.08.08"]

1. e4 c5 2. Nc3 a6 3. Nge2 b5 4. d4 cxd4 5. Nxd4 Bb7 6. Bd3 e6 7. O-O Qc7 8.
Qe2 Bc5 9. Nb3 Be7 10. f4 b4 11. Nd1 Nf6 12. Kh1 d6 13. e5 dxe5 14. fxe5 Nfd7
15. Qg4 g6 16. Bh6 Nxe5 17. Qe2 Nbd7 18. c3 Qc6 19. Ne3 Nxd3 20. Qxd3 Qe4 21.
Qd2 Rd8 22. Qf2 f5 23. Nd2 Qh4 24. Qxh4 Bxh4 25. cxb4 Kf7 26. Ndc4 Be7 27. a3
g5 28. h4 gxh4 29. Kh2 Rhg8 30. Bf4 Nf6 31. Ne5+ Ke8 32. Nf3 Rd3 33. Rad1 Rxe3
34. Bxe3 Ng4+ 0-1

[Event "6I Torneo Ciudad de Pontevedra 2018"]
[Site "Pontevedra ESP"]
[Date "2018.08.08"]
[Round "1.13"]
[White "Horton, Andrew P"]
[Black "Perez Carballo, David"]
[Result "1-0"]
[WhiteElo "2408"]
[BlackElo "2090"]
[PlyCount "63"]
[EventDate "2018.08.08"]
[EventType "swiss"]
[EventRounds "9"]
[EventCountry "ESP"]
[SourceTitle "Ajedrez en Madrid"]
[Source "lmi"]
[SourceDate "2018.08.08"]

1. Nf3 Nf6 2. c4 b6 3. g3 Bb7 4. Bg2 c5 5. O-O g6 6. Nc3 Bg7 7. d4 cxd4 8. Qxd4
O-O 9. Qh4 Qc7 10. Bg5 Rc8 11. b3 d6 12. Rac1 Nbd7 13. Rfd1 a6 14. e4 b5 15.
Nd5 Bxd5 16. exd5 Qb7 17. Nd4 bxc4 18. bxc4 Ne5 19. Nc6 Nxc6 20. dxc6 Rxc6 21.
Bxc6 Qxc6 22. Re1 Ra7 23. Rb1 Rb7 24. Rxb7 Qxb7 25. Qd4 h6 26. Bd2 Nd7 27. Qd5
Qb2 28. Rxe7 Ne5 29. Bf4 Qb1+ 30. Kg2 Qf5 31. Bxe5 dxe5 32. Qf3 1-0

[Event "6I Torneo Ciudad de Pontevedra 2018"]
[Site "Pontevedra ESP"]
[Date "2018.08.08"]
[Round "1.14"]
[White "Gil Reguera, Juan Carlos"]
[Black "Merario Alarcon, Andres"]
[Result "0-1"]
[WhiteElo "2085"]
[BlackElo "2406"]
[PlyCount "90"]
[EventDate "2018.08.08"]
[EventType "swiss"]
[EventRounds "9"]
[EventCountry "ESP"]
[SourceTitle "Ajedrez en Madrid"]
[Source "lmi"]
[SourceDate "2018.08.08"]

1. Nf3 d5 2. g3 Nf6 3. Bg2 c5 4. O-O e6 5. d3 Be7 6. Nbd2 O-O 7. c3 b6 8. Qc2
Bb7 9. b3 Nc6 10. Bb2 Rc8 11. Rac1 Qc7 12. a3 Qb8 13. Qb1 a5 14. e4 Rfd8 15.
Rfe1 dxe4 16. dxe4 Ng4 17. Red1 Bf6 18. Nf1 c4 19. bxc4 Nce5 20. Nxe5 Nxe5 21.
Ne3 Ba6 22. f4 Nxc4 23. Nxc4 Bxc4 24. e5 Be7 25. Be4 g6 26. Rxd8+ Rxd8 27. Rd1
a4 28. h4 b5 29. Kg2 Qb6 30. Kf3 h5 31. Rxd8+ Qxd8 32. Qc2 Bc5 33. Bc1 Kg7 34.
Kg2 Qe7 35. Qb2 Qd8 36. Qc2 Ba7 37. Qd2 Qb6 38. Qe1 Qc5 39. Kf3 Bd5 40. Bxd5
Qxd5+ 41. Ke2 Qg2+ 42. Kd1 Bf2 43. Qe2 Qd5+ 44. Kc2 Bxg3 45. f5 Qb3+ 0-1

[Event "6I Torneo Ciudad de Pontevedra 2018"]
[Site "Pontevedra ESP"]
[Date "2018.08.08"]
[Round "1.15"]
[White "Dionisi, Thomas"]
[Black "Paiva, Henrique M A Alberg"]
[Result "1/2-1/2"]
[WhiteElo "2403"]
[BlackElo "2080"]
[PlyCount "148"]
[EventDate "2018.08.08"]
[EventType "swiss"]
[EventRounds "9"]
[EventCountry "ESP"]
[SourceTitle "Ajedrez en Madrid"]
[Source "lmi"]
[SourceDate "2018.08.08"]

1. e4 c5 2. Nf3 d6 3. d4 cxd4 4. Nxd4 Nf6 5. Nc3 Nc6 6. Be2 e5 7. Nf3 h6 8. O-O
Be7 9. h3 O-O 10. Re1 Be6 11. Bf1 Qa5 12. Bd2 Qd8 13. Bc1 Qa5 14. Bd2 Qd8 15.
b3 d5 16. exd5 Nxd5 17. Nxd5 Bxd5 18. Bc3 e4 19. Nd4 Bf6 20. Nxc6 Bxc6 21. Qxd8
Bxd8 22. Bd4 Bc7 23. a4 Rad8 24. c3 a5 25. Bb5 f5 26. Red1 f4 27. Bxc6 bxc6 28.
b4 axb4 29. cxb4 Rxd4 30. Rxd4 Be5 31. Rad1 Bxd4 32. Rxd4 Ra8 33. a5 c5 34.
bxc5 Rxa5 35. Rc4 Ra1+ 36. Kh2 e3 37. fxe3 fxe3 38. Rc2 Kf7 39. Kg3 e2 40. Rxe2
Rc1 41. Re5 Kf6 42. Rh5 Ke6 43. Kf4 g5+ 44. Kg4 Rc4+ 45. Kg3 Rxc5 46. Rxh6+ Kf5
47. Rh8 Rc3+ 48. Kh2 Rc4 49. Rf8+ Kg6 50. Kg3 Rc3+ 51. Rf3 Rc4 52. Rd3 Rf4 53.
Rd2 Rb4 54. Kf3 Rb3+ 55. Ke4 Rb4+ 56. Ke5 Rb5+ 57. Ke4 Rb4+ 58. Kf3 Rb3+ 59.
Kf2 Kh5 60. Rd6 Rb2+ 61. Kg3 Rb3+ 62. Kh2 Rb2 63. Re6 Ra2 64. Rf6 Rb2 65. Kg3
Rb3+ 66. Rf3 Rxf3+ 67. gxf3 Kh6 68. Kf2 Kh5 69. Kg1 Kh4 70. Kg2 Kh5 71. Kg3 Kh6
72. h4 Kg6 73. Kg4 gxh4 74. Kxh4 Kf5 1/2-1/2

[Event "6I Torneo Ciudad de Pontevedra 2018"]
[Site "Pontevedra ESP"]
[Date "2018.08.08"]
[Round "1.17"]
[White "Silva, Luis Neves Da"]
[Black "Otero Nogueira, Brais"]
[Result "1-0"]
[WhiteElo "2374"]
[BlackElo "2068"]
[PlyCount "87"]
[EventDate "2018.08.08"]
[EventType "swiss"]
[EventRounds "9"]
[EventCountry "ESP"]
[SourceTitle "Ajedrez en Madrid"]
[Source "lmi"]
[SourceDate "2018.08.08"]

1. Nf3 d6 2. d4 Nf6 3. c4 g6 4. Nc3 Bg7 5. e4 O-O 6. h3 e5 7. d5 a5 8. Be3 b6
9. Nd2 Nbd7 10. Be2 Ne8 11. g4 Nc5 12. h4 f5 13. gxf5 gxf5 14. Qc2 f4 15. Bxc5
bxc5 16. O-O-O Nf6 17. Rdg1 Kh8 18. Nf3 Qe7 19. Ng5 h6 20. Nf3 Bd7 21. h5 Rg8
22. Nh4 Kh7 23. Ng6 Qf7 24. Bf3 Ne8 25. Rg2 Bf6 26. Ne2 Rb8 27. Kb1 Ng7 28.
Rhg1 Bh3 29. Rh2 Bd7 30. Nc1 Bg5 31. Nd3 Qf6 32. Qd2 Ra8 33. Qd1 Be8 34. Bg4
Bxg6 35. hxg6+ Kxg6 36. Ne1 Kf7 37. Nf3 a4 38. Nxg5+ hxg5 39. Rgh1 a3 40. Rh6
Qe7 41. Be6+ Nxe6 42. Rxe6 Qd8 43. Rh7+ Kf8 44. Qh5 1-0

[Event "6I Torneo Ciudad de Pontevedra 2018"]
[Site "Pontevedra ESP"]
[Date "2018.08.08"]
[Round "1.19"]
[White "Estremera Panos, Sergio"]
[Black "Fernandes, Ricardo Paulos"]
[Result "1/2-1/2"]
[WhiteElo "2337"]
[BlackElo "2024"]
[PlyCount "52"]
[EventDate "2018.08.08"]
[EventType "swiss"]
[EventRounds "9"]
[EventCountry "ESP"]
[SourceTitle "Ajedrez en Madrid"]
[Source "lmi"]
[SourceDate "2018.08.08"]

1. d4 Nf6 2. c4 g6 3. Nc3 Bg7 4. e4 d6 5. Nf3 O-O 6. Be2 Nbd7 7. O-O e5 8. Qc2
exd4 9. Nxd4 Nc5 10. Be3 Re8 11. f3 a5 12. Rad1 Nh5 13. g4 Nf6 14. Ndb5 b6 15.
g5 Nh5 16. Nd5 c6 17. Nxd6 cxd5 18. Nxe8 Qxe8 19. cxd5 Bh3 20. Rf2 Rc8 21. Qd2
Be5 22. Bd3 Nxd3 23. Qxd3 b5 24. f4 Bb8 25. Qd4 Rd8 26. Re1 Qe7 1/2-1/2

[Event "6I Torneo Ciudad de Pontevedra 2018"]
[Site "Pontevedra ESP"]
[Date "2018.08.08"]
[Round "1.20"]
[White "Cinza Lopez, Javier"]
[Black "Pazos Porta, Antonio"]
[Result "0-1"]
[WhiteElo "2009"]
[BlackElo "2335"]
[PlyCount "116"]
[EventDate "2018.08.08"]
[EventType "swiss"]
[EventRounds "9"]
[EventCountry "ESP"]
[SourceTitle "Ajedrez en Madrid"]
[Source "lmi"]
[SourceDate "2018.08.08"]

1. e4 c5 2. Nf3 e6 3. c3 d5 4. e5 Nc6 5. d4 Qb6 6. a3 c4 7. Nbd2 Na5 8. b4 cxb3
9. Bb2 Bd7 10. c4 dxc4 11. Nxc4 Nxc4 12. Bxc4 Ne7 13. O-O Bc6 14. Bxb3 Bd5 15.
Ba4+ Nc6 16. Bc3 Be7 17. Rb1 Qc7 18. Bb4 O-O 19. Bxe7 Qxe7 20. Qd3 Rfd8 21.
Bxc6 Bxc6 22. Rfd1 Rd5 23. Qe3 Rad8 24. Rd3 Ra5 25. Nd2 Ra4 26. Ne4 Bxe4 27.
Qxe4 b6 28. Rbb3 Rc4 29. Rbc3 Qxa3 30. Qe1 Qb4 31. Qa1 Rcxd4 32. Rxd4 Qxd4 33.
g3 Qd1+ 34. Qxd1 Rxd1+ 35. Kg2 g5 36. Rc7 a5 37. Ra7 g4 38. Ra6 Rb1 39. h3 h5
40. h4 Kg7 41. Ra8 Rb5 42. Ra6 Rb4 43. Kf1 a4 44. Ke2 Kg6 45. Kd3 b5 46. Ra5
Rb3+ 47. Kc2 Rf3 48. Rxb5 Rxf2+ 49. Kd3 Rf3+ 50. Ke4 Rxg3 51. Ra5 a3 52. Ra8
Kg7 53. Kf4 Rf3+ 54. Ke4 Rb3 55. Kf4 g3 56. Rc8 g2 57. Rc1 a2 58. Rg1 Kf8 0-1

[Event "6I Torneo Ciudad de Pontevedra 2018"]
[Site "Pontevedra ESP"]
[Date "2018.08.08"]
[Round "1.21"]
[White "Samoun, Florent"]
[Black "Vazquez Alvarez, Antonio Jose"]
[Result "1-0"]
[WhiteElo "2334"]
[BlackElo "1985"]
[PlyCount "61"]
[EventDate "2018.08.08"]
[EventType "swiss"]
[EventRounds "9"]
[EventCountry "ESP"]
[SourceTitle "Ajedrez en Madrid"]
[Source "lmi"]
[SourceDate "2018.08.08"]

1. e4 c6 2. Nc3 d5 3. Nf3 Bg4 4. h3 Bxf3 5. Qxf3 d4 6. Ne2 e6 7. Qb3 b6 8. c3
Qh4 9. d3 dxc3 10. bxc3 Bc5 11. g3 Qf6 12. d4 Qf3 13. Rg1 Be7 14. Qc2 g5 15.
Nf4 Na6 16. Bxa6 Nf6 17. e5 Ne4 18. Bd3 Nxc3 19. Qxc3 gxf4 20. Bxf4 Rd8 21. Be3
f6 22. Be2 Qd5 23. Bh5+ Kd7 24. Rc1 Kc7 25. exf6 Bxf6 26. Bf3 Qxf3 27. Bf4+
Qxf4 28. gxf4 c5 29. Qa3 Rxd4 30. Qxa7+ Kc6 31. Rb1 1-0

[Event "6I Torneo Ciudad de Pontevedra 2018"]
[Site "Pontevedra ESP"]
[Date "2018.08.08"]
[Round "1.22"]
[White "Van der Veen, Ronald"]
[Black "Guerra Bastida, Diego"]
[Result "0-1"]
[WhiteElo "1984"]
[BlackElo "2317"]
[PlyCount "58"]
[EventDate "2018.08.08"]
[EventType "swiss"]
[EventRounds "9"]
[EventCountry "ESP"]
[SourceTitle "Ajedrez en Madrid"]
[Source "lmi"]
[SourceDate "2018.08.08"]

1. d4 Nf6 2. c4 e6 3. Nf3 b6 4. g3 Bb7 5. Bg2 Bb4+ 6. Bd2 a5 7. Nc3 O-O 8. O-O
Bxc3 9. Bxc3 d6 10. Nd2 Bxg2 11. Kxg2 d5 12. Qc2 dxc4 13. e4 b5 14. d5 exd5 15.
Bxf6 Qxf6 16. exd5 Na6 17. Ne4 Qg6 18. f4 Qf5 19. g4 Qxg4+ 20. Kh1 Nb4 21. Qc3
Qf5 22. Rae1 f6 23. Rg1 Ra7 24. a3 Nd3 25. Re2 Qxd5 26. Rgg2 Nxf4 27. Nxf6+
Rxf6 28. Qxf6 Qd1+ 29. Rg1 Qxg1+ 0-1

[Event "6I Torneo Ciudad de Pontevedra 2018"]
[Site "Pontevedra ESP"]
[Date "2018.08.08"]
[Round "1.23"]
[White "Rodriguez Lopez, Rafael"]
[Black "Adams, Philip"]
[Result "1-0"]
[WhiteElo "2312"]
[BlackElo "1982"]
[PlyCount "113"]
[EventDate "2018.08.08"]
[EventType "swiss"]
[EventRounds "9"]
[EventCountry "ESP"]
[SourceTitle "Ajedrez en Madrid"]
[Source "lmi"]
[SourceDate "2018.08.08"]

1. d4 Nf6 2. c4 e6 3. Nf3 c5 4. d5 d6 5. Nc3 exd5 6. cxd5 g6 7. Nd2 Bg7 8. e4
O-O 9. Be2 Ne8 10. O-O f5 11. exf5 Bxf5 12. Nde4 Na6 13. Bg4 Nac7 14. Bxf5 Rxf5
15. g4 Rf8 16. a4 h6 17. Be3 Nf6 18. f3 Nxe4 19. Nxe4 b6 20. Qd2 Kh7 21. Kg2
Qe7 22. Rad1 Qe5 23. b3 Rae8 24. h3 g5 25. Qd3 Kh8 26. Bf2 Qe7 27. Rfe1 Be5 28.
Ng3 Qf6 29. Nh5 Qf7 30. h4 Kg8 31. hxg5 hxg5 32. Rh1 Na6 33. Rh3 Nb4 34. Qb1
Re7 35. Be3 Nxd5 36. Rxd5 Qxd5 37. Bxg5 Qf7 38. Bxe7 Qxe7 39. Qd3 Bd4 40. Ng3
Re8 41. Qg6+ Bg7 42. Ne4 Rd8 43. g5 Kf8 44. Rh4 Qe5 45. Rh7 Rd7 46. Kh3 Rf7 47.
Qxd6+ Qxd6 48. Nxd6 Rxf3+ 49. Kg4 Rxb3 50. Nf5 Be5 51. Rxa7 Rb1 52. Kh5 c4 53.
Kg6 Ke8 54. Re7+ Kd8 55. Rxe5 c3 56. Rd5+ Kc7 57. Rd4 1-0

[Event "6I Torneo Ciudad de Pontevedra 2018"]
[Site "Pontevedra ESP"]
[Date "2018.08.08"]
[Round "1.24"]
[White "Fernandez Garcia, Gumersindo"]
[Black "Krutti, Valer"]
[Result "1/2-1/2"]
[WhiteElo "1980"]
[BlackElo "2312"]
[PlyCount "95"]
[EventDate "2018.08.08"]
[EventType "swiss"]
[EventRounds "9"]
[EventCountry "ESP"]
[SourceTitle "Ajedrez en Madrid"]
[Source "lmi"]
[SourceDate "2018.08.08"]

1. d4 Nf6 2. c4 g6 3. Nc3 Bg7 4. e4 d6 5. Bg5 O-O 6. Qd2 a6 7. f3 Nbd7 8. Nge2
c5 9. d5 b5 10. cxb5 Qa5 11. Nc1 Ne5 12. f4 Ned7 13. Nb3 Qb4 14. e5 dxe5 15.
fxe5 Nxe5 16. Be3 Nfd7 17. Rc1 c4 18. Nd4 axb5 19. a3 Qa5 20. Ncxb5 Nf6 21.
Qxa5 Rxa5 22. Bd2 Ra4 23. Nc3 Ra8 24. Nc6 Nxc6 25. dxc6 Be6 26. Nb5 Rfc8 27. c7
Ne4 28. Bxc4 Bxb2 29. Rc2 Bxa3 30. Bxe6 fxe6 31. Be3 Bc5 32. Bxc5 Ra1+ 33. Ke2
Rxh1 34. Bxe7 Ra1 35. Kf3 Ra5 36. Rb2 Rxb5 37. Rxb5 Rxc7 38. Kxe4 Rxe7 39. Rb2
Ra7 40. Rf2 Ra5 41. Rf6 Rf5 42. Rxe6 Rf2 43. g3 Rxh2 44. Kf3 Kf7 45. Ra6 Kg7
46. g4 Kh6 47. Kg3 Rb2 48. Ra7 1/2-1/2